Представление документа в формате MARC21

Поле Инд. ПП Название Значение
Тип записи a
Библиографический уровень a
001 Контрольный номер RU/IS/BASE/264552135
005 Дата корректировки 20240213093446.7
008 Кодируемые данные 19981104
040 00 e Правила каталог. Т 981104
084 a Индекс другой классификации/Индекс ББК 63.3(0)44-7
090 00 a Полочн. индекс 63.3(0)3я43
x Авторский знак В 387
100 10 a Автор Прокопий Кессарийский
245 00 a Заглавие О постройках
650 04 a Основная рубрика история
653 00 a Ключевые слова Византия
a Ключевые слова города
a Ключевые слова дороги
a Ключевые слова исторические памятники
a Ключевые слова крепости
a Ключевые слова постройки
a Ключевые слова правители
a Ключевые слова средние века
a Ключевые слова строительство
a Ключевые слова храмы
a Ключевые слова христианство
700 10 a Автор Кондратьева С. П.
e Роль лиц переводчик
773 00 d Дата издания источника Москва, 1939
g Прочая информация Т.3(8), 4(9). - С. 97-102
t Заглавие источника Вестник древней истории
w Контрольный № источника RU/IS/BASE/101818640
901 t Тип документа a